banner koha

Effect of different zilpaterol hydrochloride levels and feeding methods on the growth performance, carcass traits and blood parameters of male japanese quails during two weeks of the finishing period (Registro n. 248556)

MARC details
000 -LÍDER
campo de controle de tamanho fixo 01138nas a2200325 4500
001 - NÚMERO DE CONTROLE
campo de controle BR2016001547
003 - IDENTIFICADOR DO NÚMERO DE CONTROLE
campo de controle BR-BrBNA
005 - DATA E HORÁRIO DA ÚLTIMA TRANSAÇÃO
campo de controle 20231205130252.0
007 - CAMPO FIXO DE DESCRIÇÃO FÍSICA--INFORMAÇÃO GERAL
campo de controle de tamanho fixo ta
008 - CAMPO DE DADOS FIXOS--INFORMAÇÃO GERAL
campo de controle de tamanho fixo 230509b bl.|||p| |||| 00| 00por d
040 ## - FONTE DA CATALOGAÇÃO
Instituição da catalogação original BR-BrBNA
Idioma da catalogação por
Instituição que transcreveu o registro Biblioteca Nacional de Agricultura
041 ## - CÓDIGO DE IDIOMA
Código do idioma do texto/trilha sonora ou título diferente (En)
072 ## - CÓDIGO DE CATEGORIA DE ASSUNTO
Código de Categoria de Assunto L51; L01
100 1# - ENTRADA PRINCIPAL--NOME PESSOAL
Nome pessoal Mohammadi-Arekhlo, M.
100 1# - ENTRADA PRINCIPAL--NOME PESSOAL
Nome pessoal Towhidi, A.
100 1# - ENTRADA PRINCIPAL--NOME PESSOAL
Nome pessoal Moravej, H.
100 1# - ENTRADA PRINCIPAL--NOME PESSOAL
Nome pessoal Sharafi, M.
245 1# - TÍTULO
Título Effect of different zilpaterol hydrochloride levels and feeding methods on the growth performance, carcass traits and blood parameters of male japanese quails during two weeks of the finishing period<br/>
650 ## - ASSUNTO--TERMO TÓPICO
Cabeçalho tópico ou nome geográfico CODORNA
650 ## - ASSUNTO--TERMO TÓPICO
Cabeçalho tópico ou nome geográfico CARNE
650 ## - ASSUNTO--TERMO TÓPICO
Cabeçalho tópico ou nome geográfico QUALIDADE
650 ## - ASSUNTO--TERMO TÓPICO
Cabeçalho tópico ou nome geográfico GANHO DE PESO
650 ## - ASSUNTO--TERMO TÓPICO
Cabeçalho tópico ou nome geográfico CONVERSÃO ALIMENTAR
650 ## - ASSUNTO--TERMO TÓPICO
Cabeçalho tópico ou nome geográfico SUPLEMENTO ALIMENTAR
650 ## - ASSUNTO--TERMO TÓPICO
Cabeçalho tópico ou nome geográfico DIETA
773 0# - ENTRADA ANALÍTICA
Título Revista Brasileira de Ciência Avícola (Brazil)
ISSN - International Standard Serial Number ISSN 1806-9061
Partes relacionadas (Oct-Dec 2015), v. 17(4) p. 567-574
Número de controle do registro BR2016001547
856 40 - LOCALIZAÇÃO ELETRÔNICA E ACESSO
Uniform Resource Identifier <a href="http://www.scielo.br/pdf/rbca/v17n4/1516-635X-rbca-17-04-00567.pdf">http://www.scielo.br/pdf/rbca/v17n4/1516-635X-rbca-17-04-00567.pdf</a>
909 ## -
-- 202311
-- Lúcia
-- 55
-- Lúcia Elande
942 ## - ELEMENTOS DE ENTRADA ADICIONADOS (KOHA)
Fonte da classificação ou esquema de arquivamento na estante Classificação AGRIS
Ocultar no OPAC Não
Tipo de material Koha Analítica
Exemplares
Situação do descarte Fonte da classificação ou esquema de arquivamento na estante Situação física Não pode ser emprestado Biblioteca de origem Biblioteca atual Localização na estante Enumeração do periódico / cronologia Total de empréstimos Data de último acesso Número do exemplar Tipo de material Koha Fonte de aquisição
  Classificação AGRIS   Consulta local Biblioteca Nacional de Agricultura - Binagri Biblioteca Nacional de Agricultura - Binagri   (Oct-Dec 2015), v. 17(4) p. 567-574   29/11/2023 01 Periódicos Portaria Interministerial nº 164/94

BINAGRI

Telefone: (61)3218-2567/2388/3357/2097 - binagri@agro.gov.br

Ministério da Agricultura e Pecuária , Esplanada dos Ministérios, Bloco D, Anexo B, Brasília/DF, CEP: 70.043-900